000 00994nam a22002537a 4500
003 OSt
005 20230119104006.0
008 221006b |||||||| |||| 00| 0 eng d
020 _a978 9968 49 644 5
040 _cBiblioteca Lado V
082 _a709
_bV699a
100 _eautor
_9580
_aVillena Araya, Sofia
245 _aLas artes visuales contemporáneas en Costa Rica: Una esfera social y plural con convergencias, inflexiones y contradicciones./
260 _bS. Villena A.
_aCosta Rica
_c2021
300 _a123p.
_c21x27cm
490 _vtomo 1
650 _2Tesauro de Arte & Arquitectura
_aARTES VISUALES
650 _2Tesauro de Arte & Arquitectura
_aINVESTIGACIONES
650 _2Tesauro de Arte & Arquitectura
_aARTE COSTARRICENSE
650 _2Tesauro de Arte & Arquitectura
_aHISTORIA DEL ARTE
700 _aPalacios Murillo, Fabiola
_eautor
700 _aGonzalez Gonzalez, Cinthia Priscila
_eautor
942 _2ddc
_c1
_h709
_iV699a
_n0
_eprimera edición
999 _c2836
_d2836